000 00503nam a2200145Ia 4500
008 090122s9999 xx 000 0 und d
082 _b9458
100 _aवडनेरकर
_bप्रीती
245 _aकहाणी स्त्री जन्माची
600 _aवडनेरकर
630 _aकहाणी स्त्री जन्माची
700 _aवडनेरकर
730 _aकहाणी स्त्री जन्माची
942 _cBOOK
999 _c33535
_d33535